Quizzes
Events
Quiz Creation
Community
Videos
Private Events
Remove Ads
Sign In
Join for FREE
Feedback
Dark Mode
Quiz Categories
Sports
Geography
Music
Movies
Television
Just For Fun
Miscellaneous
History
Literature
Language
Science
Gaming
Entertainment
Religion
Holiday
For Kids
Quiz Lab
Recent
Popular Today
Quiz Kudos Today
Editor Picks
Curator Picks
Quizzes by...
Day
Popularity
Type
Ratings
Length
Year
Community
Subscriptions
Recent Discussions
Orange Saloon
Badges
Playlists
Quests
Create
Leaderboards
Showdown
Live 5
Trivia Bingo
Activity
Puzzle Library
Sporcle Events
Private Events
Virtual Trivia
Globe League
Become a Host
Pub Owners
SporcleCon
Opinionation
Our Games
Videos
Blog
Mobile Apps
Partnerships
Remove Ads and Go Orange
Feedback
Movies
Disney
Marvel Cinematic Universe
Movie Resume
Movie Titles
Oscar
Actor
Actress
Director
Pixar
Role
Movie Quotes
Movie Characters
Box Office
Nominee
Best Picture
Star Wars
James Bond
Horror Movies
Movies
Disney
Marvel Cinematic Universe
Movie Resume
Movie Titles
Oscar
Actor
Actress
Director
Pixar
Role
Movie Quotes
Movie Characters
Box Office
Nominee
Best Picture
Star Wars
James Bond
Horror Movies
Random Quiz
Search Sporcle
×
Quiz Lab
Quiz Lab
Movies
Matrix
Type in answers that appear in a list
Type in answers that appear in a list
Classic
Best Score? Go Orange.
The Matrix Stats
Can you name the the following about the matrix?
By
bookworm1016
10m
26 Questions
1,345 Plays
1,345 Plays
1,345 Plays
Comments
Comments
Give Quiz Kudos
Give Quiz Kudos
-
- Ratings
hide this ad
Replay
Link that replays current quiz
Next Quiz
Link to next quiz in quiz playlist
You Got
0%
They Got
Avg Score
79%
Avg Friend Score
Upgrade to see
Score Distribution
Jump to the score distribution portion of the page
Score
0/26
Timer
10:00
0
Plays Today
clue
answer
% Correct
Main Character
Neo
99.8%
She falls in love with the protagonist
Trinity
95.9%
The mysterious man who has the answers the protagonist wants?
Morpheus
93.7%
His real name?
Thomas Anderson
93.4%
What color is the pill the protagonist takes, to learn more about the Matrix?
Red
91.4%
The woman in the Matrix who helps free people
The Oracle
89.6%
While visiting the oracle, what does the protagonist bend with his mind?
A Spoon
89.3%
The human city underground
Zion
85.9%
Brother of above
Tank
84.4%
What do the machines farm as sources of energy?
Humans
82.7%
What does the protagonist experience that means something in the Matrix has been changed?
Deja Vu
81.1%
The sentient programs in the Matrix are referred to as?
Agents
80.7%
He falls in love with above, betrays them all
Cypher
80.3%
clue
answer
% Correct
What does he see twice?
A black cat
80.2%
Young crewmember on the ship, killed in the Matrix
Mouse
79.6%
What does the female main character learn to fly?
Helicopter
78.7%
What common electronic device is used to get people out of the matrix?
Telephone
75.8%
One of the only two humans on the ship, killed by above
Dozer
75.2%
At the very end, what does the protagonist do after hanging up the phone?
Fly
74.9%
Where does the protagonist fight one of the sentient programs, alone in the Matrix
Subway Station
72.9%
What book by Lewis Carroll is referenced to throughout the movie?
Alice in Wonderland
72%
In the very beginning, what is the protagonist told to do, while on the computer?
Follow the white rabbit
70.7%
Female crewmember, killed by the traitor
Switch
66.3%
What are the machines that attack the ship called?
Sentinels
61.4%
Male crewmember, killed by the traitor
Apoc
59.5%
The name of his ship
Nebuchadnezzar
54.3%
Quiz Playlist
Details
Report
Send in Message
Add To Playlist
Classic:
Type in answers that appear in a list
Last Updated: Feb 16, 2017
Quiz Scoreboard
CHALLENGE
Sign Up to Join the Scoreboard
Show All
Scores
Hide
Comments
May contain spoilers
Recently Published
College Basketball Coaching Resumes
by pancakes188
Sports
9m
Billboard Blitz: Fleetwood Mac
by CooCooCachoo
Music
15s
Presidents Visiting Landmarks
by Hejman
History
7m
More to Explore
Quiz From the Vault
Featured Blog Post
Where Did the Easter Bunny Come From?
hide this ad
You Might Also Like...
Tags
Matrix
Today's Top Quizzes in Movies
Browse Movies
hide this ad
Today's Top Quizzes in Matrix
Browse Matrix
Top Contributed Quizzes in Movies
1
Pick 5 Posters: Directed by Spielberg
2
7-to-1: Pixar Characters
3
Pick 5 Posters: Lowest-Rated Spielberg
4
Sorting Actors
5
Pick 5 Posters: Directed by Scorsese
6
Sorting Actresses
7
Pick 5 Posters: Star & Director
8
Pick 5 Posters: Women Directed 2020s
9
12 Movies about Fictional 1960s Events
10
Multi-Oscar Nominations, One Movie, One Winner
Explore More
Trending Topics
Disney
Marvel
NBA
Crossword
Kpop
Harry Potter
Anime
NFL
WWE
Country
Puzzle
Pokémon
Soccer
The Office
Song
hide this ad
More By:
bookworm1016
Quiz
Plays
Rating
Category
Featured
Created
The Lightning Thief
91,162
3.94
Literature
Jan 11, 2010
The Lion King
6,659
2.69
Movies
Jan 4, 2010
Disney's Robin Hood
2,919
3.54
Movies
Jan 6, 2010
The Matrix
1,345
3.40
Movies
Jan 24, 2010
Vienna Lyrics by Billy Joel
952
4.86
Music
May 30, 2010
Go to Creator's Profile
Score Distribution
Quiz Creator Spotlight
bookworm1016
Follow
Send a Message
Quizzes Created
-
Created Quiz Play Count
-
More By This Creator
Popular Quizzes Today
1
Find the US States - No Outlines Minefield
2
Find the Countries of Europe - No Outlines Minefield
3
The Countries of the World
4
Find the US States
5
Risky Map Clicking: Biggest States A-Z
6
US States
7
Popular People in 1961
8
Movies - When Are They Set?
More Movies Quizzes
Chuck Norris Movie Characters
Quiz Lab
Trending Quizzes
Risky Map Clicking: Least Populous States A-Z
1-10 Letter G Words
1-10 Letter F Words
Risky Map Clicking: Next State Alphabetically
Risky Map Clicking: Biggest States A-Z
Recently Updated
Leaping Animals
pecheneg
Reality TV Shows (A-Z)
bhenderson79
Rickey Henderson's Hall of Fame Teammates
pecheneg
Champions League XIs: Arsenal
pecheneg
Quick Pick: Celebrities in WWE's Hall of Fame
aduchscher
A-Z Keypad Blitz II
pecheneg
Multiple Oscar Actors
pecheneg
Mystery Phrase Blitz: Oscar 'Best Actors'
pecheneg
F. Scott Fitzgerald Novels
LTH
Pick 3 Villains
ddd62291
Trending Topics
Harry Potter
Marvel
Anime
Crossword
NBA
Disney
Kpop
Song
Pokémon
Soccer
NFL
Country
The Office
Puzzle
WWE
Your Account Isn't Verified!
In order to create a playlist on Sporcle, you need to verify the email address you used during registration. Go to your
Sporcle Settings
to finish the process.
Report this User
Report this user for behavior that violates our
Community Guidelines
.
Details:
Send Report
Go to the Sporcle.com Mobile Site →
Comments